00461 2200181 4500001002100000005001500021008004100036020002200077035001900099041000700118082001100125090001700136100001300153245003900166260003000205300003000235650001400265INLIS00000000000413320241224112843241224||||||||| | ||| |||| || |  a978-602-8714-45-7 0010-1224004133 aid0 a155.25 a155.25 AMI o0 aAminudin00aOrang Desa Bisa Mengembangkan Diri bSarana Ilmu Pustakac2010 aiv, 68 hlm.: ilus.; 25 cm 0aPsikologi